[Event "European Senior Team Chess Championship"]
[Site "Swidnica"]
[Date "2023.07.15"]
[Round "4.34"]
[White "Higgie, Charles L"]
[Black "Sobocanec, Alojz"]
[Result "1-0"]
[WhiteElo "1924"]
[BlackElo "1762"]
[Annotator "Kemenade"]
[PlyCount "47"]
[EventDate "2023.??.??"]

1. e4 c5 2. Nf3 d6 3. d4 cxd4 4. Nxd4 Nc6 5. c4 e5 6. Nc2 Nf6 7. Nc3 h6 8. Be2 Be7 9. Be3 a6 10. f3 O-O 11. Qd2 Be6 12. O-O Rc8 13. Rfd1 Qc7 14. Rac1 Qd7 15. Qe1 Rfd8 16. Bb6 Rf8 17. c5 d5 18. exd5 Bxd5 19. Nxd5 Nxd5 20. Bc4 (20. Ne3 Nxb6 21. Rxd7 Nxd7 22. Nf5 $16) 20... Nd4 (20... Nxb6 21. Rxd7 Bxc5+ 22. Ne3 Nxd7) 21. Bxd5 Qxd5 22. Nxd4 Bxc5 23. Bxc5 Rxc5 24. Nf5 1-0

[Event "European Senior Team Chess Championship"]
[Site "Swidnica"]
[Date "2023.07.16"]
[Round "5.30"]
[White "Tucker, David S"]
[Black "Higgie, Charles L"]
[Result "1/2-1/2"]
[WhiteElo "1898"]
[BlackElo "1924"]
[PlyCount "47"]
[EventDate "2023.??.??"]

1. e4 c5 2. Nf3 d6 3. d4 cxd4 4. Nxd4 Nf6 5. Nc3 Nc6 6. g3 Bg4 7. f3 Nxd4 8. Qxd4 Bxf3 9. Bb5+ Nd7 10. O-O Bg4 11. e5 Bh3 12. Re1 a6 13. Bxd7+ Qxd7 14. exd6 Qc6 15. Qd5 Be6 16. Qxc6+ bxc6 17. dxe7 Bxe7 18. Bf4 O-O 19. Rad1 Rad8 20. Bc7 Bc5+ 21. Kg2 Rxd1 22. Rxd1 Bf5 23. Bd6 Bxd6 24. Rxd6 1/2-1/2

[Event "European Senior Team Chess Championship"]
[Site "Chess.com"]
[Date "2023.07.20"]
[Round "9"]
[White "Schutz, Ingemar"]
[Black "Higgie, Charles L"]
[Result "1-0"]
[WhiteElo "2187"]
[BlackElo "1924"]
[Annotator "Kemenade"]
[PlyCount "57"]
[EventDate "2023.??.??"]
[TimeControl "5400+30"]

1. e4 {[%emt 0:00:04]} c5 {[%emt 0:00:04]} 2. Nf3 {[%emt 0:00:12]} d6 {[%emt 0:00:01]} 3. d4 {[%emt 0:00:12]} cxd4 {[%emt 0:00:02]} 4. Nxd4 {[%emt 0:00:10]} Nf6 {[%emt 0:00:06]} 5. Nc3 {[%emt 0:00:10]} Nc6 {[%emt 0:00:02]} 6. Bc4 {[%emt 0:00:25]} e6 {[%emt 0:00:08]} 7. Be3 {[%emt 0:00:25]} Be7 {[%emt 0:00:14]} 8. Qe2 {[%emt 0:02:35]} a6 {[%emt 0:05:36]} 9. O-O-O {[%emt 0:01:41]} Bd7 {[%emt 0:00:41]} 10. Bb3 {[%emt 0:01:57]} Qa5 {[%emt 0:07:20]} 11. f3 {[%emt 0:31:54]} (11. f4 {4-1-4}) 11... O-O {[%emt 0:12:19]} (11... b5 {4-1-7}) 12. g4 $14 {[%emt 0:01:17] 3-0} Nxd4 $146 {[%emt 0:05:40] Cloud Engines} 13. Bxd4 {[%emt 0:07:49]} (13. Rxd4 $14 {Cloud Engines}) 13... Rfc8 {[%emt 0:04:37]} (13... b5 {KomodoDragon3.2} 14. e5 dxe5 15. Qxe5 Bc6 16. Rhf1 Rad8 17. a3 Rd7 $11) 14. h4 $16 {[%emt 0:15:14]} e5 {[%emt 0:02:18]} (14... b5 15. e5 dxe5 16. Qxe5 Ne8 17. Qe3 b4 18. Nd5 $16 {KD3.2}) 15. Be3 $18 {[%emt 0:00:45]} Rxc3 {[%emt 0:01:29] best try} 16. Bd2 {[%emt 0:02:29]} Bb5 {[%emt 0:06:23]} 17. Qe1 {[%emt 0:03:56]} Rxc2+ {[%emt 0:03:02]} 18. Kxc2 {[%emt 0:01:47]} Qd8 {[%emt 0:03:48]} 19. Kb1 {[%emt 0:01:16]} Nd7 {[%emt 0:01:22]} 20. Be3 {[%emt 0:01:12]} Rc8 {[%emt 0:01:16]} 21. g5 {[%emt 0:00:35]} Nc5 {[%emt 0:01:07]} 22. Bxc5 {[%emt 0:01:51]} Rxc5 {[%emt 0:00:15]} 23. Rc1 {[%emt 0:01:26]} (23. Bd5) 23... b6 {[%emt 0:01:13]} 24. Qd2 {[%emt 0:00:44]} Bc6 {[%emt 0:02:22]} 25. Rhg1 {[%emt 0:05:11]} (25. Rhd1) 25... Kf8 {[%emt 0:01:20]} 26. Rxc5 {[%emt 0:00:52]} bxc5 {[%emt 0:00:52]} 27. h5 {[%emt 0:01:49]} (27. Bd5) 27... g6 {[%emt 0:09:02]} 28. hxg6 {[%emt 0:00:52]} hxg6 {[%emt 0:00:28]} 29. Qh2 {[%emt 0:00:41]} (29. Qh2 Bxg5 30. Qh8+ Ke7 31. Qxd8+ Kxd8 32. Rxg5) 1-0

[Event "European Senior Team Chess Championship"]
[Site "Swidnica"]
[Date "2023.07.12"]
[Round "1.23"]
[White "Davis, Lee"]
[Black "Roos, Jean-Luc"]
[Result "1/2-1/2"]
[WhiteElo "1893"]
[BlackElo "2169"]
[PlyCount "123"]
[EventDate "2023.??.??"]

1. d4 d5 2. Nf3 Nf6 3. g3 e6 4. Bg2 Be7 5. O-O b5 6. a4 b4 7. c4 bxc3 8. bxc3 Ba6 9. Ba3 O-O 10. Re1 Nc6 11. Nbd2 Rb8 12. Qc2 Bxa3 13. Rxa3 Na5 14. e4 dxe4 15. Nxe4 Nxe4 16. Rxe4 h6 17. Nd2 c5 18. h4 Qc7 19. Ra2 Rfd8 20. Re5 cxd4 21. cxd4 Qb6 22. Qc3 Nc4 23. Rc5 Nxd2 24. Rxd2 Qb1+ 25. Qc1 Qb4 26. Qc3 Qxa4 27. Ra5 Qc4 28. Qxc4 Bxc4 29. Rxa7 Bd5 30. Ra5 Bxg2 31. Kxg2 Rb6 32. Kf3 Rbd6 33. Ke4 Rd5 34. Rxd5 Rxd5 35. Rc2 f5+ 36. Ke3 Kf7 37. Rc7+ Kf6 38. Rc8 Ra5 39. Rc3 g5 40. hxg5+ hxg5 41. f4 g4 42. Rd3 Ke7 43. Rb3 Kd6 44. Kd3 Kd5 45. Rc3 Ra2 46. Rc5+ Kd6 47. Rc3 Rg2 48. Kc4 Rg1 49. Re3 Ra1 50. Rc3 Ra2 51. Kd3 Rf2 52. Kc4 Rd2 53. Ra3 Rc2+ 54. Rc3 Rb2 55. Ra3 Rb6 56. Kd3 Rc6 57. Rc3 Ra6 58. Rb3 Ra4 59. Rc3 Ra1 60. Kc4 Rd1 61. Ra3 Rg1 62. Rb3 1/2-1/2

[Event "European Senior Team Chess Championship"]
[Site "Swidnica"]
[Date "2023.07.13"]
[Round "2.23"]
[White "Davis, Lee"]
[Black "Kierzek, Mira"]
[Result "1/2-1/2"]
[WhiteElo "1893"]
[BlackElo "1937"]
[PlyCount "112"]
[EventDate "2023.??.??"]

1. d4 d5 2. Nf3 Nf6 3. g3 Bf5 4. Bg2 e6 5. O-O h6 6. c4 c6 7. Nc3 Nbd7 8. Qb3 Qb6 9. c5 Qc7 10. Bf4 Qc8 11. Rac1 Be7 12. Qd1 O-O 13. b4 Re8 14. Nd2 g5 15. Bd6 Bxd6 16. cxd6 Qb8 17. b5 Qxd6 18. bxc6 bxc6 19. e4 dxe4 20. Ndxe4 Nxe4 21. Nxe4 Bxe4 22. Bxe4 Rec8 23. Qf3 Rab8 24. Rxc6 Rxc6 25. Bxc6 Kg7 26. Bxd7 Qxd7 27. Qe4 Qd6 28. Rc1 Rb4 29. Qe5+ Qxe5 30. dxe5 Rb2 31. a3 Rb3 32. Ra1 Kg6 33. g4 a6 34. Kg2 a5 35. Ra2 Rc3 36. h3 h5 37. Ra1 hxg4 38. hxg4 Kg7 39. Ra2 Kf8 40. a4 Ke7 41. f3 Re3 42. Rb2 Rxe5 43. Rb7+ Kf6 44. Ra7 Rd5 45. Kg3 Kg6 46. Ra6 Rc5 47. Kg2 Kg7 48. Ra7 e5 49. Kg3 Kg6 50. Ra6+ f6 51. Ra7 Rd5 52. Kf2 Rc5 53. Ke3 Rc3+ 54. Kf2 Rc5 55. Ke3 Rd5 56. Kf2 Rc5 1/2-1/2

[Event "European Senior Team Chess Championship"]
[Site "Swidnica"]
[Date "2023.07.14"]
[Round "3.27"]
[White "Wood, Peter R"]
[Black "Davis, Lee"]
[Result "1/2-1/2"]
[WhiteElo "1944"]
[BlackElo "1893"]
[PlyCount "44"]
[EventDate "2023.??.??"]

1. d4 Nf6 2. Nf3 g6 3. c4 Bg7 4. Nc3 d6 5. e4 O-O 6. Be2 e5 7. O-O Nc6 8. Be3 Ng4 9. Bg5 f6 10. Bh4 Nh6 11. dxe5 dxe5 12. Qxd8 Nxd8 13. Nd5 Ne6 14. Rfd1 Rf7 15. Rac1 c6 16. Nc3 Nf4 17. Rd8+ Rf8 18. Rcd1 Nxe2+ 19. Nxe2 Nf7 20. Rxf8+ Kxf8 21. Ne1 Be6 22. b3 Rd8 1/2-1/2

[Event "European Senior Team Chess Championship"]
[Site "Swidnica"]
[Date "2023.07.15"]
[Round "4.35"]
[White "Novak, Stjepan"]
[Black "Davis, Lee"]
[Result "0-1"]
[WhiteElo "1499"]
[BlackElo "1893"]
[PlyCount "88"]
[EventDate "2023.??.??"]

1. e4 g6 2. Nf3 d6 3. c3 Bg7 4. d4 Nf6 5. Bd3 c5 6. dxc5 dxc5 7. Bb5+ Bd7 8. Bxd7+ Qxd7 9. Qxd7+ Nfxd7 10. O-O Nc6 11. Na3 h6 12. Nc2 O-O-O 13. h3 Nde5 14. Nxe5 Nxe5 15. Ne3 e6 16. a4 Rd7 17. Rb1 Nd3 18. Nc4 b6 19. g3 Nxc1 20. Rbxc1 Rhd8 21. Kg2 Kc7 22. Rc2 a6 23. Re1 b5 24. axb5 axb5 25. Ne3 c4 26. Nf1 h5 27. Ra1 Kb6 28. Re1 Rd3 29. Ne3 Bh6 30. Nf1 Kc5 31. Ree2 R8d7 32. Re1 Ra7 33. Ne3 Bxe3 34. Rxe3 Rxe3 35. fxe3 Ra2 36. Rf2 b4 37. Kf3 bxc3 38. bxc3 Rxf2+ 39. Kxf2 Kd6 40. Kf3 Ke5 41. g4 hxg4+ 42. hxg4 g5 43. Kf2 Kxe4 44. Ke2 e5 0-1

[Event "European Senior Team Chess Championship"]
[Site "Swidnica"]
[Date "2023.07.17"]
[Round "6.27"]
[White "Davis, Lee"]
[Black "Olesen, Poul Erik Norgaard"]
[Result "1/2-1/2"]
[WhiteElo "1893"]
[BlackElo "1976"]
[PlyCount "57"]
[EventDate "2023.??.??"]

1. Nf3 Nf6 2. g3 g6 3. Bg2 Bg7 4. d4 d6 5. c4 O-O 6. O-O c6 7. Nc3 Qa5 8. d5 cxd5 9. cxd5 b5 10. Nd4 a6 11. a3 Bb7 12. h3 Rc8 13. Be3 Rxc3 14. bxc3 Nxd5 15. Bxd5 Bxd5 16. Nb3 Bxb3 17. Qxb3 Nc6 18. Rfc1 Qc7 19. a4 Na5 20. Qd5 Rb8 21. axb5 Rxb5 22. Qa8+ Rb8 23. Qa7 Qxa7 24. Bxa7 Rb5 25. c4 Nxc4 26. Rxa6 d5 27. Rc6 h6 28. R6xc4 dxc4 29. Rxc4 1/2-1/2

[Event "European Senior Team Chess Championship"]
[Site "Swidnica"]
[Date "2023.07.12"]
[Round "1.24"]
[White "Letzelter, Jean-Claude"]
[Black "Hughes, Anthony"]
[Result "1-0"]
[WhiteElo "2039"]
[BlackElo "1850"]
[PlyCount "69"]
[EventDate "2023.??.??"]

1. e4 c6 2. Nc3 d5 3. d4 dxe4 4. Nxe4 Nf6 5. Nxf6+ exf6 6. Be3 Bd6 7. Bd3 O-O 8. c3 Re8 9. Qf3 Nd7 10. Ne2 Qc7 11. h4 c5 12. h5 cxd4 13. cxd4 h6 14. O-O Nf8 15. Nc3 f5 16. Bxf5 Bxf5 17. Qxf5 Rad8 18. Rfc1 Qe7 19. Qg4 Kh8 20. Kf1 Nh7 21. Qf3 Ng5 22. Qg4 Bb8 23. Re1 Qd6 24. Bxg5 hxg5 25. Rxe8+ Rxe8 26. Re1 Qa6+ 27. Re2 Bf4 28. Kg1 Rd8 29. g3 Bb8 30. Qxg5 Qd6 31. Re7 Qxd4 32. h6 g6 33. Rxf7 Re8 34. Qxg6 Re1+ 35. Kg2 1-0

[Event "European Senior Team Chess Championship"]
[Site "Swidnica"]
[Date "2023.07.14"]
[Round "3.28"]
[White "Hughes, Anthony"]
[Black "Reuben, Stewart"]
[Result "0-1"]
[WhiteElo "1850"]
[BlackElo "1901"]
[PlyCount "86"]
[EventDate "2023.??.??"]

1. c4 c5 2. Nc3 Nc6 3. g3 g6 4. Bg2 Bg7 5. e4 e6 6. Nge2 Nge7 7. O-O d6 8. d3 O-O 9. Rb1 Nd4 10. Nxd4 cxd4 11. Ne2 b6 12. b3 Bb7 13. Bb2 e5 14. Qd2 f5 15. f3 Kh8 16. b4 Ng8 17. f4 fxe4 18. Bxe4 Bxe4 19. dxe4 Qd7 20. fxe5 dxe5 21. Rxf8 Rxf8 22. Rf1 Rxf1+ 23. Kxf1 Qf7+ 24. Kg2 Qxc4 25. Nc1 Bh6 26. Qd3 b5 27. Kf3 Nf6 28. h3 Bxc1 29. Qxc4 bxc4 30. Bxc1 c3 31. b5 d3 32. Ke3 d2 33. Bxd2 cxd2 34. Kxd2 Nxe4+ 35. Kd3 Nd6 36. a4 Kg7 37. Kc3 Kf6 38. Kb4 e4 39. a5 Ke5 40. b6 axb6 41. a6 Nc8 42. Kc4 b5+ 43. Kc3 Kd5 0-1

[Event "European Senior Team Chess Championship"]
[Site "Swidnica"]
[Date "2023.07.16"]
[Round "5.32"]
[White "Kane, Robert"]
[Black "Hughes, Anthony"]
[Result "1-0"]
[WhiteElo "1723"]
[BlackElo "1850"]
[PlyCount "57"]
[EventDate "2023.??.??"]

1. d4 d5 2. Nf3 Nf6 3. e3 e6 4. Bd3 Be7 5. b3 O-O 6. Bb2 Nbd7 7. Nbd2 c5 8. Ne5 Qc7 9. O-O b6 10. Qf3 Bb7 11. Qh3 g6 12. f4 Ne4 13. Ndf3 Bf6 14. Ng4 Bg7 15. Nh6+ Kh8 16. Bxe4 dxe4 17. Ng5 Nf6 18. d5 exd5 19. Ng4 Nh5 20. Bxg7+ Kxg7 21. f5 Rae8 22. Rf4 h6 23. f6+ Kh8 24. Nxh6 Bc8 25. g4 Be6 26. Qh4 Qe5 27. Raf1 Bxg4 28. Rxg4 d4 29. Nhxf7+ 1-0

[Event "European Senior Team Chess Championship"]
[Site "Swidnica"]
[Date "2023.07.17"]
[Round "6.28"]
[White "Andersson, Finn"]
[Black "Hughes, Anthony"]
[Result "0-1"]
[WhiteElo "1709"]
[BlackElo "1850"]
[PlyCount "94"]
[EventDate "2023.??.??"]

1. e4 c6 2. Nc3 d5 3. Nf3 dxe4 4. Nxe4 Nf6 5. Nxf6+ exf6 6. d4 Bd6 7. c3 O-O 8. Be2 Bg4 9. Be3 Re8 10. Qd2 Nd7 11. O-O Nf8 12. Ne1 Qd7 13. Bxg4 Qxg4 14. Nd3 Ng6 15. Rae1 Re7 16. f4 Rae8 17. Rf3 h5 18. Qf2 Qf5 19. Qf1 b5 20. g3 Re6 21. Nc5 Bxc5 22. dxc5 Ne7 23. Bf2 Nd5 24. Rxe6 Qxe6 25. Qd3 Qe2 26. b3 Qxd3 27. Rxd3 Re4 28. Kf1 Kf8 29. Bd4 Ke7 30. Kf2 Ke6 31. a3 a6 32. c4 bxc4 33. bxc4 Ne7 34. Re3 Rxe3 35. Bxe3 Nf5 36. Bd2 g6 37. Bc3 Nh6 38. Kf3 Kf5 39. h3 g5 40. g4+ hxg4+ 41. hxg4+ Nxg4 42. Bd2 Nh6 43. Kg3 Ng8 44. Be3 Ne7 45. Bd2 Ng6 46. fxg5 fxg5 47. a4 Ne5 0-1

[Event "TCh-EUR Senior +65 2023"]
[Site "Swidnica POL"]
[Date "2023.07.19"]
[Round "8.5"]
[White "Hughes, Anthony"]
[Black "Cordes, S.."]
[Result "0-1"]
[WhiteElo "1850"]
[BlackElo "1950"]
[PlyCount "62"]
[EventDate "2023.07.12"]
[EventType "team-tourn"]
[EventRounds "9"]
[EventCountry "POL"]
[SourceTitle "The Week in Chess 1498"]
[Source "Mark Crowther"]
[SourceDate "2023.07.24"]
[SourceVersion "1"]
[SourceVersionDate "2023.07.24"]
[SourceQuality "2"]
[WhiteTeam "WLS Wales Cymru"]
[BlackTeam "DEN SK2023"]

1. c4 g6 2. Nc3 Bg7 3. g3 Nf6 4. Bg2 O-O 5. e4 d6 6. Nge2 e5 7. O-O Nc6 8. d3 a6 9. h3 Nd4 10. Nxd4 exd4 11. Ne2 Nd7 12. b3 Rb8 13. Bb2 c5 14. Qc2 b5 15. cxb5 axb5 16. a4 b4 17. f4 Ba6 18. Rf3 Nf6 19. Re1 Nxe4 20. Nxd4 cxd4 21. dxe4 Rc8 22. Qd2 d3 23. Rc1 Qb6+ 24. Kh2 Rxc1 25. Bxc1 Rc8 26. e5 dxe5 27. fxe5 Bxe5 28. a5 Qd6 29. Qf2 Rxc1 30. Qa7 Rc7 31. Qa8+ Kg7 0-1

[Event "European Senior Team Chess Championship"]
[Site "Chess.com"]
[Date "2023.07.20"]
[Round "9"]
[White "Hammar, Bengt"]
[Black "Hughes, Anthony"]
[Result "1-0"]
[WhiteElo "2113"]
[BlackElo "1850"]
[PlyCount "57"]
[EventDate "2023.??.??"]
[TimeControl "5400+30"]

1. e4 {[%emt 0:00:14]} c6 {[%emt 0:00:04]} 2. d4 {[%emt 0:00:32]} d5 {[%emt 0:00:06]} 3. e5 {[%emt 0:02:51]} c5 {[%emt 0:00:07]} 4. dxc5 {[%emt 0:00:58]} e6 {[%emt 0:00:12]} 5. Nf3 {[%emt 0:01:47]} Bxc5 {[%emt 0:00:38]} 6. Bd3 {[%emt 0:00:21]} f6 {[%emt 0:04:13]} 7. O-O {[%emt 0:01:32]} Nc6 {[%emt 0:02:00]} 8. Bf4 {[%emt 0:03:53]} fxe5 {[%emt 0:10:21]} 9. Nxe5 {[%emt 0:00:34]} Nf6 {[%emt 0:00:46]} 10. Nd2 {[%emt 0:05:37]} O-O {[%emt 0:16:33]} 11. Ndf3 {[%emt 0:05:16]} Bd7 {[%emt 0:18:48]} 12. c3 {[%emt 0:04:49]} Be8 {[%emt 0:18:41]} 13. Ng5 {[%emt 0:08:45]} Qe7 {[%emt 0:02:02]} 14. Qe2 {[%emt 0:05:05]} Nxe5 {[%emt 0:04:47]} 15. Qxe5 {[%emt 0:03:52]} Bf7 {[%emt 0:01:27]} 16. Rae1 {[%emt 0:02:12]} Ng4 {[%emt 0:06:49]} 17. Qe2 {[%emt 0:03:06]} Nxf2 {[%emt 0:02:33]} 18. Rxf2 {[%emt 0:00:16]} e5 {[%emt 0:02:17]} 19. Be3 {[%emt 0:01:16]} d4 {[%emt 0:02:04]} 20. cxd4 {[%emt 0:00:51]} exd4 {[%emt 0:00:39]} 21. Bd2 {[%emt 0:02:01]} Qd7 {[%emt 0:01:43]} 22. Bxh7+ {[%emt 0:03:53]} Kh8 {[%emt 0:00:07]} 23. Qd3 {[%emt 0:00:09]} Bc4 {[%emt 0:02:32]} 24. Qxc4 {[%emt 0:01:56]} Rxf2 {[%emt 0:00:18]} 25. Kxf2 {[%emt 0:00:23]} Rf8+ {[%emt 0:00:17]} 26. Kg1 {[%emt 0:00:16]} Bd6 {[%emt 0:01:35]} 27. Qd3 {[%emt 0:01:01]} Qg4 {[%emt 0:01:08]} 28. Be4 {[%emt 0:01:30]} Qh4 {[%emt 0:01:10]} 29. Qh3 {[%emt 0:00:08]} 1-0

[Event "European Senior Team Chess Championship"]
[Site "Chess.com"]
[Date "2023.07.17"]
[Round "6"]
[White "Holst, Per"]
[Black "Higgie, Charles L"]
[Result "1/2-1/2"]
[WhiteElo "2090"]
[BlackElo "1924"]
[Annotator "Kemenade"]
[PlyCount "72"]
[EventDate "2023.??.??"]
[TimeControl "5400+30"]

1. c4 {[%emt 0:00:30]} Nf6 {[%emt 0:00:16]} 2. Nc3 {[%emt 0:00:00]} g6 {[%emt 0:00:15]} 3. e4 {[%emt 0:00:00]} e5 {[%emt 0:01:42]} 4. g3 {[%emt 0:01:25]} Bg7 {[%emt 0:02:22]} 5. Bg2 {[%emt 0:00:11]} O-O {[%emt 0:00:29]} 6. Nge2 {[%emt 0:00:07]} d6 {[%emt 0:01:57]} 7. O-O {[%emt 0:01:37]} Be6 {[%emt 0:00:54]} 8. d3 {[%emt 0:00:29]} c6 {[%emt 0:03:57]} 9. h3 {[%emt 0:05:15]} d5 {[%emt 0:11:46]} 10. cxd5 {[%emt 0:05:23]} cxd5 {[%emt 0:00:12]} 11. d4 {[%emt 0:00:55]} Nxe4 {[%emt 0:07:16]} 12. Nxe4 {[%emt 0:13:36]} dxe4 {[%emt 0:00:13]} 13. dxe5 {[%emt 0:00:31]} Bxe5 {[%emt 0:09:46]} 14. Nf4 {[%emt 0:13:00]} Bc4 {[%emt 0:20:54]} 15. Re1 {[%emt 0:06:32]} f5 {[%emt 0:01:48]} 16. Qc2 {[%emt 0:02:03]} Bf7 {[%emt 0:04:08]} 17. Be3 {[%emt 0:03:39]} Nc6 $19 {[%emt 0:00:40]} 18. Red1 {[%emt 0:01:22]} Qf6 {[%emt 0:02:44]} 19. Nd5 {[%emt 0:02:58]} Bxd5 {[%emt 0:01:10]} 20. Rxd5 {[%emt 0:00:14]} Nb4 {[%emt 0:00:18]} 21. Qb3 {[%emt 0:00:45]} Nxd5 $19 {[%emt 0:00:10]} 22. Qxd5+ {[%emt 0:00:13]} Rf7 {[%emt 0:00:17]} (22... Kh8 $19) 23. Bf1 {[%emt 0:00:33]} Kg7 {[%emt 0:01:04]} 24. Bc4 {[%emt 0:01:22]} Rc7 {[%emt 0:00:33]} 25. Rd1 {[%emt 0:01:39]} Bxb2 {[%emt 0:02:36]} (25... h6 26. b3 Kh7 {KD3.2}) 26. Bf4 {[%emt 0:03:22]} Rac8 {[%emt 0:02:35]} (26... Rd8 27. Qxd8 Qxd8 28. Rxd8 Rxc4 $19 {easier with same colourBs}) 27. Bxc7 {[%emt 0:03:40]} Rxc7 $19 {[%emt 0:00:10]} 28. Bb3 {[%emt 0:00:40]} Qe7 {[%emt 0:03:35]} 29. Kg2 {[%emt 0:02:38]} Rc5 {[%emt 0:02:13]} (29... Bc3 30. h4 e3 31. fxe3 Qxe3 32. Rd3 (32. Qd3 Qxd3 33. Rxd3 Be5 $19) 32... Qe2+ 33. Kh3 Qf1+ 34. Kh2 Qe1 35. Qg8+ Kh6 36. Qf8+ Bg7 37. Qd8 Re7 38. Bd1 Be5 39. Kg2 Rf7 {the Engines say winning, but looks obscure to human eye}) 30. Qg8+ {[%emt 0:03:24]} Kh6 {[%emt 0:00:15]} 31. h4 {[%emt 0:00:42]} Re5 {[%emt 0:01:38]} (31... Rc7 $17) 32. Qc8 {[%emt 0:03:34]} Rc5 {[%emt 0:03:21]} 33. Rd7 $11 {[%emt 0:05:46]} Rxc8 {[%emt 0:00:45]} 34. Rxe7 {[%emt 0:00:12]} Rb8 {[%emt 0:00:31]} 35. Bd5 {[%emt 0:02:35]} (35. g4 $1 $11) 35... Rd8 {[%emt 0:06:38]} 36. Bb3 {[%emt 0:00:34]} (36. Be6 $11) 36... Rb8 {[%emt 0:00:30]} (36... Rd2 37. Bg8 g5 38. Rxh7+ Kg6 39. h5+ Kf6 40. Rf7+ Ke5 41. Bh7 Ke6 42. Rxf5 e3 43. Rf3 Bd4 44. Kf1 Rxf2+ 45. Rxf2 exf2 $1 {Bl now has one passed pawn, and the possibility of advancing a pawn on the Q side with his more actve K to win the B, and then return to K side.This is a dangerous plan for Wh. on quite a few moves there is only one move that draws. and it only just fails to win by a tempo or two.} 46. a4 Kd5 47. h6 Kc5 48. Bf5 Kb4 49. Bd7 a6 50. h7 b5 51. axb5 axb5 52. h8=Q Bxh8 53. Kxf2 Kc4 54. g4 b4 55. Ke1 Kc3 56. Be8 b3 (56... Kb2 57. Kd2 b3 58. Bf7 Ka3 59. Kd3) 57. Kd1 b2 (57... Kb2 58. Bf7 Ka3 59. Kc1 Bb2+) 58. Bg6 Kb3 59. Bb1 $11) (36... Rd2 37. Bg8 Bg7 38. Rxb7 a5 39. Re7 Rd8 40. Bb3 Bf8 41. Rf7 Bc5 42. Rc7 Bb6 43. Rb7) (36... Bd4 37. Rxb7 Bb6 {gives some chances, but it looks as if W can survive with} 38. f4 e3 39. Kf3 Rd2 40. g4 fxg4+ 41. Kxg4 Rg2+ 42. Kh3 e2 43. Re7 Bc5 44. Re4 (44. Kxg2 Bxe7 45. Kf2 Bxh4+ 46. Kxe2 {also holds})) (36... b5 37. g4 {other moves lose} (37. Rxa7 Rd2 38. Bg8 Rxf2+ 39. Kg1 (39. Kxf2 Bd4+ 40. Kg2 Bxa7 {and Bl will get two connected passed pawns on the K side} 41. a3 {fails as the Wh B cant get to take b5 in time} (41. Bd5 b4 $19) 41... Bc5 $19) 39... Bg7 40. Re7 Rd2 41. Kf1 Rd8 42. Bb3 Bf8 43. Rb7 b4 (43... Rd2 44. Rxb5 Bd6 45. g4 e3 (45... fxg4 {also wins}) (45... f4 46. Rd5 {draws}) 46. Bc4 Rf2+ 47. Ke1 fxg4 48. Bf1 g3 49. Rb3 Bf4 50. Rb4 Bc7 51. Rg4 Ba5+ 52. Kd1 Rxf1+ {Engines}) 44. Ke2 Bd6 45. Kf2 Be5 46. Bc4 (46. Rxb4 Rd2+ 47. Ke3 Rd3+ 48. Ke2 Bxg3 {Bl gets 4 passed pawns}) 46... Rd2+ 47. Ke3 Rg2 48. Rxb4 Bxg3 {and wins the h pawn} 49. Bf1 {or Bl can just take the a pawn & return to collect h4} Rg1 50. Rb1 Bxh4 $19)) (36... b5 37. g4 {returning to best line for both sides} a6 (37... fxg4 38. Rxa7 Bd4 39. Rb7 Rf8 40. Kg3 Bxf2+ 41. Kxg4 Re8 42. Bf7 Rd8 43. Re7 e3 44. Re4 Kg7 45. Be8 Rd5 46. Kf3 Bxh4 47. Rxe3 {& Bl has two connected passed pawns on the K side}) 38. Be6 (38. Kg3 Rd3+ 39. Kg2 fxg4 40. Rxe4 Kh5 $19) 38... fxg4 39. Bxg4 Rd4 40. Be6 Ba3 41. Ra7 Bc5 42. Rc7 (42. Rxa6 Rd2 $19) 42... Bb6 43. Rb7 Bd8 44. Bg8 Bxh4 45. Rxh7+ Kg5 46. f4+ exf3+ 47. Kxf3 Rf4+ 48. Ke3 Bf2+ 49. Kd3 Rf6 $19 {Bl has the appropriate pawns oppotunities passed on one side, potential on the other for a pure B ending, while with Rs still on theter are mating possibilities as well.}) 1/2-1/2

[Event "EU ch tm Seniors 65+Swidnica"]
[Site "Swidnica"]
[Date "2023.07.18"]
[Round "7.8"]
[White "Daleczko, Z.."]
[Black "Davis, Lee"]
[Result "1/2-1/2"]
[WhiteElo "1672"]
[BlackElo "1893"]
[PlyCount "61"]
[EventDate "2023.07.12"]
[EventType "team-tourn (corr)"]
[EventRounds "9"]
[EventCountry "POL"]
[WhiteTeam "POL Lower Silesia 2"]
[BlackTeam "WLS Wales Cymru"]

1. e4 g6 2. d4 d6 3. Bd3 Bg7 4. c3 e5 5. Ne2 Nc6 6. Be3 Nf6 7. h3 O-O 8. O-O d5 9. Nd2 h6 10. Qc2 exd4 11. Nxd4 Ne5 12. Be2 dxe4 13. Nxe4 Nxe4 14. Qxe4 Re8 15. Qc2 c5 16. Nf3 Bf5 17. Qb3 Qe7 18. Nxe5 Bxe5 19. Rfe1 h5 20. Bf3 Qc7 21. Qb5 Bd6 22. Rad1 Be4 23. Bxe4 Rxe4 24. Rd5 Rae8 25. Qd3 c4 26. Qd2 Bf8 27. Rd7 Qc6 28. Rd8 Bc5 29. Rxe8+ Qxe8 30. Kf1 Bxe3 31. Rxe3 1/2-1/2

[Event "EU ch tm Seniors 65+Swidnica"]
[Site "Swidnica"]
[Date "2023.07.19"]
[Round "8.5"]
[White "Mortensen, Jo"]
[Black "Davis, Lee"]
[Result "0-1"]
[WhiteElo "2038"]
[BlackElo "1893"]
[PlyCount "70"]
[EventDate "2023.07.12"]
[EventType "team-tourn (corr)"]
[EventRounds "9"]
[EventCountry "POL"]
[WhiteTeam "DEN SK2023"]
[BlackTeam "WLS Wales Cymru"]

1. e4 g6 2. d4 d6 3. Nc3 Bg7 4. Nf3 Nf6 5. Be2 O-O 6. O-O Bg4 7. Be3 Nc6 8. d5 Bxf3 9. Bxf3 Ne5 10. Be2 c6 11. f4 Ned7 12. dxc6 bxc6 13. Qd3 Qa5 14. a3 Rab8 15. b4 Qc7 16. Rab1 Rfd8 17. a4 a5 18. b5 Nc5 19. Qc4 Nfd7 20. e5 d5 21. Qa2 e6 22. Bd4 Bf8 23. Rfd1 Nb6 24. bxc6 Qxc6 25. Rb5 Nbxa4 26. Rdb1 Nxc3 27. Bxc3 Ne4 28. Bd4 Rxb5 29. Rxb5 Nc3 30. Bxc3 Qxc3 31. Qxa5 Qe3+ 32. Kf1 Qxf4+ 33. Kg1 Rc8 34. Bd3 Bc5+ 35. Kh1 Qc1+ 0-1